000 00274nam a2200097Ia 4500
008 240331s9999 xx 000 0 und d
082 _bVIO
100 _aMcCamant, J.F.
245 0 _aViolence and repression in Latin America :
_bA Quantitative and Historical Analysis
942 _cL
999 _c1327
_d1327